Statistics for U.S. States Bordering West Virginia - Map Quiz

Click here to take the quiz!

General Stats

  • This quiz has been taken 951 times
  • The average score is 4 of 5

Answers on the Map

Answers color-coded by a green-red scale on the quiz's map according to % correct below.
 

Answer Stats

Answer% Correct
Ohio
91%
Virginia
91%
Maryland
90%
Kentucky
89%
Pennsylvania
88%

Score Distribution

Percentile by Number Answered

Percent of People with Each Score

Your Score History

You have not taken this quiz